00309nam a2200121Ia 4500008004100000100001200041245005800053260002400111300000900135650001900144942000700163999001700170190216s9999||||xx |||||||||||||| ||und|| aStern F 4aThe Varieties Of History From Voltaine To The Present bVintage Booksc1975 a527p aIndian History cBK c19989d19989